[Event "Syre Memorial op 17th"]
[Site "Issy les Moulineaux"]
[Date "1994.??.??"]
[Round "5"]
[White "Primel, Dominique"]
[Black "Nanne, M."]
[Result "1-0"]
[WhiteElo "1950"]
[BlackElo "1650"]
[PlyCount "77"]
[EventDate "1994.05.??"]
[EventType "swiss"]
[EventRounds "6"]
[EventCountry "FRA"]
[SourceTitle "EXT 2004"]
[Source "ChessBase"]
[SourceDate "2003.11.25"]
[SourceVersion "1"]
[SourceVersionDate "2003.11.25"]
[SourceQuality "1"]

1. Nf3 Nc6 2. d4 d5 3. Bf4 Nf6 4. e3 a6 5. c4 e6 6. Nc3 Be7 7. Rc1 Nh5 8. Bg3 Nxg3 9. hxg3 Qd6 10. c5 Qd8 11. a3 Bf6 12. Be2 Bd7 13. Qc2 g6 14. Bd3 Ne7 15. Kd2 Bc6 16. Rh2 h5 17. Rch1 Rf8 18. Rb1 Qd7 19. b4 Bb5 20. a4 Bxd3 21. Qxd3 c6 22. Rhh1 Nf5 23. Ra1 Ke7 24. b5 axb5 25. axb5 Rfd8 26. b6 Kf8 27. Ra7 Rxa7 28. bxa7 Ra8 29. Ra1 Ne7 30. Na4 Nc8 31. Nb6 Nxb6 32. cxb6 c5 33. Ne5 Bxe5 34. dxe5 Qc6 35. Rb1 Qa4 36. Qb5 Qxb5 37. Rxb5 Ke8 38. Rxc5 Kd7 39. Rc7+ 1-0